Les murs de poussière - Francis Cabrel : Paroles - Statistiques

Statistiques générales
  • Ce quiz a été pris 31 fois
  • Le résultat moyen est 263 sur 290
Statistiques - réponses
Paroles % Correct
a
100%
à
100%
arbre
100%
de
100%
du
100%
et
100%
feu
100%
Il
100%
il
100%
lopin
100%
mieux
100%
milieu
100%
que
100%
son
100%
trouvé
100%
aïeux
96%
au
96%
en
96%
entière
96%
la
96%
n'a
96%
pas
96%
terre
96%
vieil
96%
je
92%
le
92%
les
92%
lumière
92%
murs
92%
père
92%
poussière
92%
ses
92%
sur
92%
troupe
92%
trouver
92%
un
92%
voulait
92%
dans
88%
douce
88%
d'une
88%
près
88%
qui
88%
veux
88%
ville
88%
autre
85%
brûlé
85%
ce
85%
étrangère
85%
filles
85%
jeux
85%
réchauffait
85%
rêvait
85%
si
85%
soir
85%
tordu
85%
une
85%
Dieu
81%
partirai
81%
s'est
81%
vivre
81%
yeux
81%
arrière
77%
chemin
77%
demain
77%
dit
77%
j'irai
77%
naguère
77%
n'ai
77%
retourne
77%
tout
77%
fait
73%
pour
73%
qu'il
73%
soleil
73%
tour
73%
d'autres
69%
faire
69%
faut
69%
force
69%
j'ai
69%
demandé
65%
des
65%
diamants
65%
manières
65%
pierres
65%
rois
65%
l'amour
62%
même
62%
croisé
58%
mais
54%
châteaux
50%
drapés
42%
aux
35%
reflets
23%
Aucun quiz correspondant
Distribution des résultats
% des personnes avec chaque résultat
Percentile par nombre de réponses
Votre historique - résultats
Vous n’avez pas pris ce quiz